عرض عادي
عرض مارك
- Burroughs, Edgar Rice,
مدخل إسم شخص
001 - رقم الضبط
- حقل الضبط: 8279
003 - معرف رقم الضبط
- حقل الضبط: OSt
005 - تاريخ ووقت أخر عملية
- حقل الضبط: 20111214102822.0
008 - عناصر بيانات ثابتة الطول
- حقل تحكم ثابت الطول: 111214|||a|||||| | ||| d
040 ## - مصدر الفهرسة
- هيئة الفهرسة الأصلية: OSt
- وكالة الكتابة: OSt
100 ## - مدخل -- أسم شخص
- إسم شخص: Burroughs, Edgar Rice,
- تواريخ مرتبطة بالاسم: 1875-1950.
670 ## - بيانات المصدر موجوده
- الاستشهاد بالمصدر: Work cat.: (OSt)0: Burroughs, Edgar Rice, 1875-1950., Tarzan of the apes /, 2010.
